| 000 | 00665nam a22001817a 4500 | ||
|---|---|---|---|
| 999 |
_c3179 _d3179 |
||
| 020 | _a0194315290 | ||
| 020 | _a9780194315296 | ||
| 050 | _aNot Available | ||
| 100 | _aMiranda Steel | ||
| 245 |
_aOxford wordpower dictionary. _cMiranda Steel |
||
| 260 |
_aOxford : _bOxford University Press, _c2000 |
||
| 300 |
_axiii, 794 pages : _b illustrations, maps ; _c20 cm |
||
| 500 | _aCover title: Oxford wordpower dictionary for learners of English. | ||
| 505 | _aDictionary A - Z Illustrated Pages Study Pages Quick Grammar Reference Section | ||
| 650 |
_aDictionaries _xOxford wordpower dictionary for learners of English. |
||
| 700 | _aMiranda Steel | ||
| 942 | _cBK | ||